000 00930nam a2200289 a 4500
001 000014269
005 20200929163541.0
008 091208s2000 sp 000 f spa d
020 _a8466300554
040 _aDO-SdBNP
_bspa
_cBNPHU
041 1 7 _aspa
_heng
_2Código de idioma MARC
082 _a813.5
_bG662d, 2000
100 1 _aGordon, Noah,
_d1926-
_932136
240 1 4 _aThe jerusalem diamond.
_lEspañol
245 1 3 _aEl diamante de Jerusalén /
_cNoah Gordon ; traducción de Elsa Mateo.
250 _a[21a ed.]
260 _a[Madrid] :
_bSuma de Letras,
_c2000.
300 _a443, [4] p. ;
_c18 cm.
490 1 _aPunto de lectura
_v2/6
534 _pTítulo original en inglés:
_tThe jerusalem diamond
_c1979
650 4 _aNovela estadounidense
_9262
650 4 _aLiteratura estadounidense
_9263
700 1 _aMateo, Elsa,
_etr.
_932222
830 0 _aPunto de lectura ;
_v2/6
_93047
910 _aWM
049 _aBNGR
999 _c13865
_d13865